[Event "BCF-chT4 0506 (4NCL)"]
[Site "West Bromwich"]
[Date "2005.11.05"]
[Round "1.3"]
[White "Gruettner, Ralf"]
[Black "Goggin, Eamonn P"]
[Result "1-0"]
[WhiteElo "2105"]
[BlackElo "1885"]
[PlyCount "63"]
[EventDate "2005.11.05"]
[EventType "team"]
[EventRounds "11"]
[EventCountry "ENG"]
[SourceTitle "CBM 109 Extra"]
[Source "ChessBase"]
[SourceDate "2006.01.03"]
[SourceVersion "2"]
[SourceVersionDate "2006.01.03"]
[SourceQuality "1"]
[WhiteTeam "Athenaeum"]
[BlackTeam "Addlestone"]
[WhiteTeamCountry "ENG"]
[BlackTeamCountry "ENG"]

1. e4 c5 2. f4 Nc6 3. Nf3 g6 4. d3 Bg7 5. Be2 e6 6. 0-0 Nge7 7. c3 d5 8. Qc2 0-0 9. Be3 b6 10. Nbd2 Bb7 11. Rad1 Qc7 12. e5 Rac8 13. Ng5 Qd7 14. Ndf3 f6 15. exf6 Bxf6 16. Rde1 Nf5 17. Bc1 Rce8 18. Bd1 e5 19. fxe5 Nxe5 20. Nxe5 Rxe5 21. Rxe5 Bxe5 22. Bg4 Qd6 23. Nf3 Bf4 24. Bxf5 Rxf5 25. d4 Qf6 26. Qe2 Bxc1 27. Rxc1 Kg7 28. Re1 Qf7 29. Qe3 Rf4 30. Qe5+ Qf6 31. Qc7+ Qf7 32. Re7 1-0

[Event "BCF-chT4b 0405 (4NCL)"]
[Site "Telford"]
[Date "2005.04.17"]
[Round "8.6"]
[White "Dodd, Matthew E"]
[Black "Goggin, Eamonn P"]
[Result "0-1"]
[WhiteElo "1690"]
[BlackElo "1870"]
[PlyCount "96"]
[EventDate "2004.11.06"]
[EventType "team"]
[EventRounds "11"]
[EventCountry "ENG"]
[SourceTitle "EXT 2006"]
[Source "ChessBase"]
[SourceDate "2005.11.24"]
[SourceVersion "1"]
[SourceVersionDate "2005.11.24"]
[SourceQuality "1"]
[WhiteTeam "Warwicks Select II"]
[BlackTeam "Addlestone"]
[WhiteTeamCountry "ENG"]
[BlackTeamCountry "ENG"]

1. Nc3 Nf6 2. e4 d6 3. d4 Nbd7 4. Nf3 e5 5. Bc4 Be7 6. Be3 0-0 7. Qd3 h6 8. 0-0-0 Ng4 9. h3 exd4 10. Nxd4 Nde5 11. Qe2 Nxe3 12. fxe3 Nxc4 13. Qxc4 c6 14. Nf5 Bxf5 15. exf5 d5 16. Qg4 Bg5 17. Rd3 Re8 18. Nd1 Qb6 19. Rb3 Qc7 20. h4 Bf6 21. Qf3 Re7 22. g3 Rae8 23. Re1 b5 24. Rd3 Qa5 25. Re2 Qxa2 26. c3 Qa1+ 27. Kc2 Qa4+ 28. Kc1 Qc4 29. Kc2 a5 30. Nf2 a4 31. Ng4 Qb3+ 32. Kc1 Be5 33. Nxe5 Rxe5 34. Rc2 a3 35. bxa3 Qxa3+ 36. Kd2 b4 37. cxb4 Qxb4+ 38. Ke2 d4 39. Kf2 Rxe3 40. Rxe3 Rxe3 41. Qd1 Qd6 42. Qg4 c5 43. Qf4 Qc6 44. g4 Qh1 45. Rxc5 Qe1+ 46. Kg2 Re2+ 47. Kh3 Qh1+ 48. Kg3 Qg2# 0-1

[Event "BCF-chT4b 0405 (4NCL)"]
[Site "Telford"]
[Date "2005.02.26"]
[Round "5.5"]
[White "Matthews, Adrian MS"]
[Black "Goggin, Eamonn P"]
[Result "1-0"]
[WhiteElo "1980"]
[BlackElo "1870"]
[PlyCount "49"]
[EventDate "2004.11.06"]
[EventType "team"]
[EventRounds "11"]
[EventCountry "ENG"]
[SourceTitle "EXT 2006"]
[Source "ChessBase"]
[SourceDate "2005.11.24"]
[SourceVersion "1"]
[SourceVersionDate "2005.11.24"]
[SourceQuality "1"]
[WhiteTeam "FCA Solutions II"]
[BlackTeam "Addlestone"]
[WhiteTeamCountry "ENG"]
[BlackTeamCountry "ENG"]

1. e4 c5 2. Nc3 Nc6 3. g3 g6 4. Bg2 Bg7 5. d3 e6 6. Be3 b6 7. Qd2 Nge7 8. Bh6 0-0 9. h4 f5 10. h5 Rf7 11. hxg6 hxg6 12. Nf3 Kf8 13. Ng5 Bxh6 14. Rxh6 Rg7 15. 0-0-0 Ng8 16. Rh8 Bb7 17. Rdh1 Ne5 18. Nb5 Qb8 19. f4 a6 20. Na3 Nf7 21. Nxf7 Rxf7 22. e5 b5 23. Bxb7 Qxb7 24. Qh2 Rd8 25. Rxg8+ 1-0

[Event "BCF-chT4b 0405 (4NCL)"]
[Site "Telford"]
[Date "2005.01.15"]
[Round "3.5"]
[White "Clarke, Sean A"]
[Black "Goggin, Eamonn P"]
[Result "1-0"]
[WhiteElo "1685"]
[BlackElo "1870"]
[PlyCount "91"]
[EventDate "2004.11.06"]
[EventType "team"]
[EventRounds "11"]
[EventCountry "ENG"]
[SourceTitle "EXT 2006"]
[Source "ChessBase"]
[SourceDate "2005.11.24"]
[SourceVersion "1"]
[SourceVersionDate "2005.11.24"]
[SourceQuality "1"]
[WhiteTeam "SC Stars II"]
[BlackTeam "Addlestone"]
[WhiteTeamCountry "ENG"]
[BlackTeamCountry "ENG"]

1. e4 c5 2. Bc4 Nc6 3. Nf3 g6 4. d3 Bg7 5. c3 Na5 6. Na3 e6 7. Bf4 a6 8. 0-0 d6 9. Be3 b5 10. Nxb5 axb5 11. Bxb5+ Bd7 12. Ba4 Bxa4 13. Qxa4+ Qd7 14. Qxd7+ Kxd7 15. e5 Ne7 16. Ng5 Raf8 17. exd6 Kxd6 18. Ne4+ Kc6 19. Bxc5 Kd7 20. Nd6 Be5 21. Nc4 Bc7 22. Nxa5 Bxa5 23. b4 Bc7 24. a4 Be5 25. d4 Bd6 26. Rfd1 Nd5 27. Ra3 Bxc5 28. dxc5 Kc7 29. b5 Rd8 30. g3 Nf6 31. Rb1 Ra8 32. Rb4 Ra5 33. Rf4 Nd5 34. Rxf7+ Kb8 35. c4 Nb4 36. c6 Ra7 37. Rxa7 Kxa7 38. Rb3 Nc2 39. Rd3 Kb6 40. Rd7 Na3 41. Rb7+ Kc5 42. c7 Kd6 43. Rb8 Kxc7 44. Rxh8 Nxc4 45. Rxh7+ Kb6 46. Re7 1-0